PHARMACOPOEIA OF INDIA (Record no. 7212)
[ view plain ]
| 000 -LEADER | |
|---|---|
| fixed length control field | 00274nam a2200133Ia 4500 |
| 003 - CONTROL NUMBER IDENTIFIER | |
| control field | SGT |
| 082 ## - DEWEY DECIMAL CLASSIFICATION NUMBER | |
| Classification number | 615.4 |
| Item number | P10W |
| 100 ## - MAIN ENTRY--PERSONAL NAME | |
| Personal name | WARIING, EDWARD JOHN |
| 245 ## - TITLE STATEMENT | |
| Title | PHARMACOPOEIA OF INDIA |
| 260 ## - PUBLICATION, DISTRIBUTION, ETC. (IMPRINT) | |
| Name of publisher, distributor, etc | ASIATE PUB |
| 300 ## - PAGE DESCRIPTION | |
| No. of Pages | 502 |
| 650 ## - SUBJECT ADDED ENTRY--TOPICAL TERM | |
| Topical term or geographic name as entry element | PHARMACEUTICS |
| 942 ## - ADDED ENTRY ELEMENTS (KOHA) | |
| Source of classification or shelving scheme | Dewey Decimal Classification |
| Koha item type | Books |
| Withdrawn status | Lost status | Source of classification or shelving scheme | Damaged status | Not for loan | Collection code | Home library | Current library | Shelving location | Date acquired | Vendor Name | Cost, normal purchase price | SGTU | Bill Number | Total Checkouts | Full call number | Accession No. (Barcode) | Date last seen | Date last borrowed | Bill Date | Koha item type |
|---|---|---|---|---|---|---|---|---|---|---|---|---|---|---|---|---|---|---|---|---|
| Dewey Decimal Classification | PHARMACY | SGT FA-FP Library | SGT FA-FP Library | Reference Book | 02/07/2015 | ABC DELHI | 2500.00 | SGTU | 5118 | 1 | 615.4 P10W | FP712 | 04/01/2016 | 25/12/2015 | 12/02/2014 | Books |